Funeral games /

Guardat en:
Dades bibliogràfiques
Autor principal: Renault, Mary (Autor)
Format: Llibre
Idioma:anglès
Publicat: Harmondsworth [etc.] : Penguin books, 1982
Col·lecció:Penguin Books
Etiquetes: Afegir etiqueta
Sense etiquetes, Sigues el primer a etiquetar aquest registre!

MARC

LEADER 00000nam a22000007i 4500
001 IT\ICCU\UBO\3670662
003 ItRI
005 20250919163840.0
008 090908s1982 xxk|||||| ||||| |||||c
020 |a 0140062424 
040 |b ita  |c ct 
041 7 |a eng  |2 ISO-639-2 
100 1 |a Renault, Mary  |0 IT\ICCU\CFIV\060609  |4 aut 
245 1 0 |a Funeral games /  |c Mary Renault. 
260 |a Harmondsworth [etc.] :  |b Penguin books,  |c 1982 
300 |a 278 p. ;  |c 19 cm. 
830 0 |a Penguin Books  |0 IT\ICCU\SBL\0689886 
942 |2 ddc  |c BK 
952 |0 0  |1 0  |2 ddc  |4 0  |6 B_LNR02RENMAFUN11  |7 0  |9 6005  |a MI  |b MI  |d 1987-11-27  |i 689  |l 0  |o B-LNR02-RENMA-FUN11  |p CDOM689  |r 2025-07-13 16:28:00  |w 2025-07-13  |x DONO  |y BK 
981 1 |6 z01  |a i   |b xxxe  
982 1 |6 z01  |a n 
999 |c 4797  |d 4797